000 00515nam a2200181Ia 4500
003 OSt
005 20251230122522.0
008 210210b1948 xxu||||| |||| 00| 0 eng d
040 _cAL
041 _aKannada
082 _a859/2151
100 _aSITARAMA SHASTRI
_9139177
_dಸೀತಾರಾಮ ಶಾಸ್ತ್ರಿ
245 _aNagarada rani
_b ನಗರದ ರಾಣಿ
260 _aMaisuru
_bD V K Murthy, Prakashakaru
_c1948
690 _aKannada Fiction
_9139180
906 _a022864
942 _2ddc
_cBK
999 _c147560
_d147560